User manual and MS-DOS guide (Record no. 78604)

MARC details
000 -LEADER
fixed length control field 00837nam a2200157 a 4500
008 - FIXED-LENGTH DATA ELEMENTS--GENERAL INFORMATION
fixed length control field 120416s1988 ||||||||||||||||| || u
050 ## - LIBRARY OF CONGRESS CALL NUMBER
Classification number QA 76.755 Mic
245 10 - TITLE STATEMENT
Title User manual and MS-DOS guide
246 ## -
-- Microsoft Corporation
260 ## - PUBLICATION, DISTRIBUTION, ETC.
Place of publication, distribution, etc. Brentwood
Name of publisher, distributor, etc. Amstrad PLC
Date of publication, distribution, etc. 1988
300 ## - PHYSICAL DESCRIPTION
Extent 1v.in various pagings
350 ## -
-- 0.00
995 ## -
-- BINDERY (DAMAGED)
-- 0.00
-- 729539
-- CBU-MAIN LIBRARY (Kitwe)
-- 1
-- 18.50
-- QA 76.755 Mic
-- 1
-- DAMAGED
-- Jun 30, 2006
-- 021507
-- Main Library Open Access Collection
995 ## -
-- MAIN LIBRARY OPEN ACCESS
-- 0.00
-- 720451
-- CBU-MAIN LIBRARY (Kitwe)
-- 1
-- 0.00
-- QA 76.755 MIC
-- 3
-- AVAILABLE
-- Nov 20, 2007
-- 010051
-- Main Library Open Access Collection
995 ## -
-- ANNEX COLLECTION (Main Library)
-- 0.00
-- 720450
-- CBU-MAIN LIBRARY (Kitwe)
-- 2
-- 18.50
-- QA 76.755 Mic
-- 2
-- AVAILABLE
-- 010052
-- Annex Low-Usage Collection
999 ## -
-- 78604
-- 78604
Holdings
Withdrawn status Lost status Source of classification or shelving scheme Damaged status Not for loan Permanent Location Current Location Shelving location Date acquired Total Checkouts Full call number Barcode Date last seen Copy number Price effective from Koha item type
          CBU-MAIN LIBRARY, KITWE. CBU-MAIN LIBRARY, KITWE.   05/17/2023   QA 76.755 Mic 021507 05/17/2023 1 05/17/2023 MONOGRAPH
          CBU-MAIN LIBRARY, KITWE. CBU-MAIN LIBRARY, KITWE.   05/17/2023   QA 76.755 Mic 010051 05/17/2023 2 05/17/2023 MONOGRAPH
          CBU-MAIN LIBRARY, KITWE. CBU-MAIN LIBRARY, KITWE.   05/17/2023   QA 76.755 Mic 010052 05/17/2023 3 05/17/2023 MONOGRAPH